| 000 | 00932cam a2200337Ma 4500 | ||
|---|---|---|---|
| 001 | 80967 | ||
| 005 | 20230411085755.0 | ||
| 008 | 950317s1995 nyu d 001 0 eng | ||
| 010 | _a 95013775 | ||
| 035 | _a(OCoLC)ocn123253694 | ||
| 040 |
_aDLC _cSTF _dOCLCG |
||
| 020 | _a0521402247 (hard) | ||
| 020 | _a9780521402248 (hard) | ||
| 020 | _a052148328X (pbk.) | ||
| 020 | _a9780521483285 (pbk.) | ||
| 029 | 1 |
_aAU@ _b000012086553 |
|
| 035 | _a(OCoLC)123253694 | ||
| 050 | 1 | 4 |
_aR B 41 _bC178 1995 |
| 082 | 0 | 0 | _a103 |
| 049 | _aGRAL | ||
| 245 | 0 | 4 |
_aThe Cambridge dictionary of philosophy / _cgeneral editor, Robert Audi. |
| 246 | 3 | 0 | _aDictionary of philosophy |
| 260 |
_aNew York : _bCambridge University Press, _c1995. |
||
| 300 | _a882 p. | ||
| 500 | _aIncludes index. | ||
| 650 | 0 |
_aPhilosophy _xDictionaries. |
|
| 700 | 1 |
_aAudi, Robert, _d1941- |
|
| 942 |
_2lcc _cbk |
||
| 994 |
_aC0 _bDRFGD |
||
| 946 | _akk | ||
| 999 |
_c107174 _d107174 |
||